| 000 | 00441nam a2200157 i 4500 | ||
|---|---|---|---|
| 001 | 104765 | ||
| 003 | ES-MaACL | ||
| 007 | t| | ||
| 008 | 051212s1966 mx ||||1| spa d | ||
| 100 | 1 |
_aMiranda, Miguel Angel. _981536 |
|
| 245 | 1 | 3 |
_aLa Auditoría ante los fraudes / _cpor Miguel A. Miranda. |
| 250 | _a2ª ed. aum. | ||
| 260 |
_aMéxico, D.F. : _bPatria, _c1966. |
||
| 300 |
_a429 p. ; _c17 cm. |
||
| 852 |
_aES-MaACL _jE-9832 _bR.93897 |
||
| 999 |
_c104765 _d104765 |
||